Supply Chain Management : Strategy,Planning & Operation (Record no. 1307935)

MARC details
000 -LEADER
fixed length control field 00570nam a2200205Ia 4500
005 - DATE AND TIME OF LATEST TRANSACTION
control field 20250326145537.0
008 - FIXED-LENGTH DATA ELEMENTS--GENERAL INFORMATION
fixed length control field 250326s9999 xx 000 0 und d
037 ## - SOURCE OF ACQUISITION
Stock number Textbook
040 ## - CATALOGING SOURCE
Original cataloging agency FMSL
Language of cataloging eng
Transcribing agency FMSL
041 ## - LANGUAGE CODE
Language code of text/sound track or separate title eng
Source of code eng
084 ## - COLON CLASSIFICATION NUMBER
Classification number X:89A Q3;1
Assigning agency FMSL
100 ## - MAIN ENTRY--PERSONAL NAME
Personal name Chopra Sunil
245 #0 - TITLE STATEMENT
Title Supply Chain Management : Strategy,Planning & Operation
Statement of responsibility, etc. Chopra Sunil
260 ## - PUBLICATION, DISTRIBUTION, ETC.
Place of publication, distribution, etc. Noida
Name of publisher, distributor, etc. Noida, Pearson India
Date of publication, distribution, etc. 2013
365 ## - TRADE PRICE
Price amount 1300
490 ## - SERIES STATEMENT
Volume/sequential designation 5th.ed.
650 ## - SUBJECT ADDED ENTRY--TOPICAL TERM
Topical term or geographic name entry element Management
942 ## - ADDED ENTRY ELEMENTS (KOHA)
Koha item type Textbook
Classification part X:89A Q3;1
Holdings
Withdrawn status Lost status Damaged status Not for loan Home library Current library Date acquired Source of acquisition Cost, normal purchase price Total Checkouts Full call number Barcode Date last seen Price effective from Koha item type
        Faculty of Management Library Faculty of Management Library 2025-03-26 Ansh Book International 1300.00   X:89A Q3;1 ML1634555 2025-03-26 2025-03-26 Textbook
Copyright @ Delhi University Library System